000 00853nam a2200265 i 4500
003 DO-SdBNP
005 20250509142849.0
007 ta
008 250509b2024 dr ||||| |||| 00| 0 spa d
020 _a9789945801408
040 _aDO-SdBNP
_bspa
_cBNPHU
_erda
082 4 _axxx
_bxxx
_222
100 _aCuello, César,
_eautor
_4aut.
_911768
245 1 3 _aEl demonio de la frontera :
_bnovela /
_cCésar Cuello ; edición, Avelino Stanley
264 1 _aSanto Domingo :
_bEditora Búho,
_c2024.
300 _a108 páginas ;
_c22 cm.
336 _atexto
_btxt
_2rdacontent
337 _asin mediación
_bn
_2rdamedia
338 _avolumen
_bnc
_2rdacarrier
500 _aIncluye datos biográficos del autor en las solapas
590 _aInventariado, 2025/BT
700 1 _aStanley, Avelino,
_eeditor
_4ed.
_981556
910 _aBtavárez
942 _2ddc
_cLBS1
999 _c58986
_d58986